Greek Alphabet - Statistics

General Stats
  • This quiz has been taken 1,229 times
  • The average score is 19 of 24
Answer Stats
Hint Answer % Correct
Α α Alpha
99%
Β β Beta
99%
Δ δ Delta
97%
Γ γ Gamma
94%
Ε ε Epsilon
91%
Ζ ζ Zeta
88%
Θ θ Theta
85%
Μ μ Mu
84%
Κ κ Kappa
83%
Ν ν Nu
80%
Π π Pi
79%
Ι ι Iota
76%
Λ λ Lambda
76%
Η η Eta
75%
Ω ω Omega
74%
Ο ο Omicron
70%
Σ σς Sigma
68%
Ξ ξ Xi
67%
Φ φ Phi
66%
Ρ ρ Rho
64%
Χ χ Chi
61%
Ψ ψ Psi
61%
Τ τ Tau
60%
Υ υ Upsilon
58%
No matching quizzes found
Score Distribution
Percent of People with Each Score
Percentile by Number Answered
Your Score History
You have not taken this quiz